Nuevo catecismo católico: creer, vivir, obrar

Збережено в:
Бібліографічні деталі
Автор: Ruiz Bueno, Daniel (Автор)
Формат: Книга
Мова:Іспанська
Опубліковано: Barcelona Herder 1980
Редагування:9a. ed
Предмети:
Теги: Додати тег
Немає тегів, Будьте першим, хто поставить тег для цього запису!

MARC

LEADER 00000nam a2200000 a 4500
001 UCY6970
003 CL-VaPUC
008 950602e19800000SP |||||||||||||||||spa|d
082 0 4 |a 248.4  |b RUI  |2 21 
100 0 |a Ruiz Bueno, Daniel  |e author  |9 337230 
245 1 0 |a Nuevo catecismo católico: creer, vivir, obrar 
250 |a 9a. ed 
300 |a 310 p 
942 |c BK 
945 |d 19950602 00:00:00  |a cmena 
260 |a Barcelona  |b Herder  |c 1980 
600 0 |a Dios  |9 314467 
600 0 |a Jesús  |9 313614 
650 0 |a Cristianismo  |9 257361 
650 0 |a Creencia Religiosa  |9 316904 
650 0 |a Iglesia   |9 255004 
650 0 |a Textos sagrados   |9 257605 
650 0 |a Oración  |9 313348 
650 7 |a PRACTICA RELIGIOSA  |2 CL-VaPUC  |9 337231 
650 0 |a Relaciones interpersonales  |9 307056 
583 |a last modification  |c 19950602 00:00:00  |k Rodrigo Vera 
999 |c 234448  |d 234446 
952 |0 0  |1 0  |4 0  |6 248_400000000000000_RUI_1980  |7 0  |8 A  |9 240775  |a BIBTEO  |b BIBTEO  |d 2019-11-18  |i 3384144  |o 248.4 RUI 1980  |p 3384144  |r 2025-01-17  |w 2019-11-18  |y BK  |k ICR